000 00696nam a22001817a 4500
999 _c62158
_d62158
005 20240724163551.0
008 240724s2020 ge ||||| |||| 00| 0 ger d
020 _a9783406751844
041 _ager
080 _a821.112.2 G-41
245 _aGeschichte der deutschen Literatur Bd. I:
_bVom Mittelalter bis zur Romantik /
_cBengt Algot Sørensen (Editor)
264 _aMünchen:
_b Verlag C.H. Beck,
_c2020.
300 _a351 p.:
_b20 cm.
653 _aGeschichte der deutschen Literatur
653 _aგერმანული ლიტერატურის ისტორია
700 _aSørensen, Bengt Algot
_eრედაქტორი
_922935
942 _2udc
_cᲬᲘᲒᲜᲘ